| 000 | 00441nam a2200169Ia 4500 | ||
|---|---|---|---|
| 008 | 230524s9999 xx 000 0 und d | ||
| 020 | _a9780198084075 | ||
| 082 |
_a4.22 _bPAR |
||
| 100 | _aBehrooz Parhami | ||
| 245 | 0 | _aComputer Architecture : from microprocessors to supercomputers | |
| 250 | _a1 | ||
| 260 |
_aNew Delhi _bOxford _c2015 |
||
| 300 | _a"XIX,556p;" | ||
| 500 | _aQuantity Number: 10 | ||
| 650 | _aComp.Sc | ||
| 942 | _cBK | ||
| 999 |
_c58946 _d58946 |
||